<?xml version="1.0" encoding="UTF-8"?>
<record
    xmlns:xsi="http://www.w3.org/2001/XMLSchema-instance"
    xsi:schemaLocation="http://www.loc.gov/MARC21/slim http://www.loc.gov/standards/marcxml/schema/MARC21slim.xsd"
    xmlns="http://www.loc.gov/MARC21/slim">

  <leader>01749    a2200217   4500</leader>
  <controlfield tag="003">BJBSDDR</controlfield>
  <controlfield tag="005">20260514131801.0</controlfield>
  <controlfield tag="007">ta</controlfield>
  <controlfield tag="008">140526t2006    nyu           00| 0 eng d</controlfield>
  <datafield tag="020" ind1=" " ind2=" ">
    <subfield code="a">9781844153862</subfield>
  </datafield>
  <datafield tag="040" ind1=" " ind2=" ">
    <subfield code="b">spa</subfield>
    <subfield code="c">BJBSDDR</subfield>
  </datafield>
  <datafield tag="041" ind1=" " ind2=" ">
    <subfield code="a">eng</subfield>
  </datafield>
  <datafield tag="050" ind1=" " ind2=" ">
    <subfield code="b">D252a 2006</subfield>
  </datafield>
  <datafield tag="100" ind1="1" ind2=" ">
    <subfield code="a">Davidson, James D. G.</subfield>
    <subfield code="9">48448</subfield>
  </datafield>
  <datafield tag="245" ind1="1" ind2=" ">
    <subfield code="a">Admiral Lord St. Vincent - saint or tyrant? :</subfield>
    <subfield code="b">the life of Sir John Jervis, Nelson's patron /</subfield>
    <subfield code="c">James D. G. Davidson.</subfield>
  </datafield>
  <datafield tag="260" ind1=" " ind2=" ">
    <subfield code="a">New York :</subfield>
    <subfield code="b">Pen &amp; Sword Maritime, </subfield>
    <subfield code="c">2006.</subfield>
  </datafield>
  <datafield tag="300" ind1=" " ind2=" ">
    <subfield code="a">230 pages : </subfield>
    <subfield code="b">illustration ; </subfield>
    <subfield code="c">25 cm.</subfield>
  </datafield>
  <datafield tag="520" ind1=" " ind2=" ">
    <subfield code="a">This biography of John Jervis, who became Admiral Lord Vincent, makes compelling reading. It throws an oblique light on Nelsons personality. St Vincent, who was born twenty-three years before Nelson, and survived for eighteen years after Trafalgar, fundamentally influenced the younger man's career despite the two men being diametrically different characters. Yet without him, Nelsons genius might have been submerged by professional jealousy or emotional fragility. It was St Vincent's strategy and preparation which positioned Nelson to win his three famous victories, but St Vincent himself made vital contributions not only to the defeat of Napoleon but to the well-being of the Royal Navy. Before he became First Lord of the Admiralty, the Navy had been severely weakened by corruption in the dockyards, nepotism in appointments and the appalling conditions under which the seamen lived and worked. St Vincent deserves the profound gratitude of the Nation; not only for enabling Nelson to exercise his tactical brilliance, but also for the role he played in preventing Napoleon from invading the British Isles</subfield>
  </datafield>
  <datafield tag="942" ind1=" " ind2=" ">
    <subfield code="2">lcc</subfield>
    <subfield code="c">BK</subfield>
    <subfield code="n">0</subfield>
  </datafield>
  <datafield tag="946" ind1=" " ind2=" ">
    <subfield code="i">dpf</subfield>
  </datafield>
  <datafield tag="999" ind1=" " ind2=" ">
    <subfield code="c">127095</subfield>
    <subfield code="d">127095</subfield>
  </datafield>
  <datafield tag="952" ind1=" " ind2=" ">
    <subfield code="0">0</subfield>
    <subfield code="1">0</subfield>
    <subfield code="2">lcc</subfield>
    <subfield code="4">0</subfield>
    <subfield code="7">0</subfield>
    <subfield code="8">APT</subfield>
    <subfield code="a">BJB</subfield>
    <subfield code="b">BJB</subfield>
    <subfield code="c">APT</subfield>
    <subfield code="d">2026-05-14</subfield>
    <subfield code="l">0</subfield>
    <subfield code="o">D252a 2006</subfield>
    <subfield code="p">00000199072</subfield>
    <subfield code="r">2026-05-14 13:18:38</subfield>
    <subfield code="t">1</subfield>
    <subfield code="w">2026-05-14</subfield>
    <subfield code="y">BK</subfield>
  </datafield>
</record>
